| 000 | 00608nam a22002057a 4500 | ||
|---|---|---|---|
| 999 |
_c12519 _d12519 |
||
| 003 | AR-CdUCM | ||
| 008 | 190409b ||||| |||| 00| 0 spa d | ||
| 020 | _a978-968-16-7573-8 | ||
| 040 |
_aMUNICIPALIDAD PROVINCIAL DEL CUSCO _cBIBLIOTECA MUNICIPAL DEL CUSCO |
||
| 082 |
_aEP / 808.06 / _bH79 |
||
| 100 |
_aHinojosa, Francisco _929488 |
||
| 245 | _aHoja de papel / | ||
| 260 |
_aLima : _bFondo de la cultura, _c2005. |
||
| 300 | _c23 cm. | ||
| 505 | _aContenido :Justo el día que murió Poli. | ||
| 650 |
_aHistorietas _910786 |
||
| 650 |
_aCuentos peruanos _97 |
||
| 942 |
_2ddc _cLIBROS |
||
| 945 | _arum | ||